Gleanings from life / (Record no. 16867)

MARC details
000 -LEADER
fixed length control field 00576cam a22002171a 4500
001 - CONTROL NUMBER
control field ca 31000860
003 - CONTROL NUMBER IDENTIFIER
control field DLC
005 - DATE AND TIME OF LATEST TRANSACTION
control field 20260227111126.0
008 - FIXED-LENGTH DATA ELEMENTS--GENERAL INFORMATION
fixed length control field 860129s1931 ohu 000 0 eng
010 ## - LIBRARY OF CONGRESS CONTROL NUMBER
LC control number ca 31000860
035 ## - SYSTEM CONTROL NUMBER
System control number (OCoLC)13079869
040 ## - CATALOGING SOURCE
Original cataloging agency DLC
Transcribing agency OCoO
Modifying agency OCoO
-- DLC
042 ## - AUTHENTICATION CODE
Authentication code premarc
050 00 - LIBRARY OF CONGRESS CALL NUMBER
Classification number PS3503.A5442
Item number G6 1931
082 ## - DEWEY DECIMAL CLASSIFICATION NUMBER
Classification number 811.5
100 1# - MAIN ENTRY--PERSONAL NAME
Personal name Baker, Magdalena D. H.
245 10 - TITLE STATEMENT
Title Gleanings from life /
Statement of responsibility, etc. by Magdalena D.H. Baker.
260 ## - PUBLICATION, DISTRIBUTION, ETC.
Place of publication, distribution, etc. Cincinnati, Ohio :
Name of publisher, distributor, etc. M.D.H. Baker,
Date of publication, distribution, etc. c1931.
300 ## - PHYSICAL DESCRIPTION
Extent 40 p. ;
Dimensions 18 cm.
500 ## - GENERAL NOTE
General note Poems.

No items available.

Powered by Koha